| 000 | 01007nam a2200253Ia 4500 | ||
|---|---|---|---|
| 003 | OSt | ||
| 005 | 20250415164316.0 | ||
| 008 | 191128s1998 sp er 000 f spa d | ||
| 020 | _a8408028820 | ||
| 040 |
_aCO-JMCR _cCO-JMCR |
||
| 041 | 0 | _aspa | |
| 082 | 0 | 4 |
_aA-N _bLAZl _223 |
| 245 | 1 | 0 |
_aLazarillo de Tormes / _cAnónimo ; edición, introducción y notas de Francisco Rico |
| 250 | _aPrimera edición | ||
| 260 |
_aBarcelona : _bPlaneta, _c1998 |
||
| 300 |
_alxxxi, 119 páginas ; _c19 cm. |
||
| 490 | 0 |
_aClásicos Universales Planeta ; _v27 |
|
| 500 | _aIncluye notas a pie de página. | ||
| 520 | _aLázaro, hijo de un ladrón y acemilero, queda huérfano en Salamanca. Estará al servicio de diferentes amos (un ciego, un hidalgo arruinado, un clérigo avaricioso, un fraile de la Merced, un burlero farsante, etc.), y ejercerá varios oficios. | ||
| 650 | 1 | 4 |
_aNovela española. _91099 |
| 650 | 2 | 4 |
_aLiteratura española. _9555 |
| 700 | 1 |
_aRico, Francisco, _eeditor _91100 |
|
| 942 |
_2ddc _cBK |
||
| 999 |
_c3477 _d3477 |
||